[Event "28. Klatovy B 2022"]
[Site "Klatovy"]
[Date "2022.07.04"]
[Round "3.18"]
[White "Kovar, Vaclav 1953"]
[Black "Stross, Frantisek 1952"]
[Result "1/2-1/2"]
[WhiteElo "1619"]
[BlackElo "1414"]
[PlyCount "54"]
[EventDate "2022.07.02"]
[EventType "swiss"]
[EventRounds "9"]
[EventCountry "CZE"]

1. d4 d5 2. c4 Nf6 3. Nc3 Bf5 4. Nf3 e6 5. e3 Bb4 6. Bd3 Bxc3+ 7. bxc3 Ne4 8. Qc2 O-O 9. O-O Nd7 10. cxd5 exd5 11. c4 c6 12. cxd5 cxd5 13. Nd2 Rc8 14. Qb2 b6 15. Nxe4 dxe4 16. Be2 Bg6 17. Qb3 Kh8 18. Ba3 Re8 19. Rac1 Rxc1 20. Rxc1 h6 21. Bb5 Rg8 22. Bd6 Nf6 23. Be5 Ng4 24. Bf4 Nf6 25. Rc7 Nh5 26. Rd7 Qc8 27. Rc7 Qd8 1/2-1/2

[Event "28. Klatovy B 2022"]
[Site "Klatovy"]
[Date "2022.07.04"]
[Round "3.19"]
[White "Zak, Jiri1"]
[Black "Novy, Jaroslav"]
[Result "1/2-1/2"]
[WhiteElo "1732"]
[BlackElo "1458"]
[PlyCount "46"]
[EventDate "2022.07.02"]
[EventType "swiss"]
[EventRounds "9"]
[EventCountry "CZE"]

1. c4 c6 2. Nf3 Nf6 3. g3 d5 4. cxd5 cxd5 5. d4 Nc6 6. Bg2 e6 7. O-O Bd6 8. Nc3 a6 9. e3 O-O 10. Re1 Bd7 11. a3 Rc8 12. Qd3 h6 13. b4 b5 14. Bb2 Re8 15. Rac1 Qb6 16. Nd2 Ne7 17. Nb3 e5 18. dxe5 Bxe5 19. Nxd5 Nexd5 20. Bxe5 Rxe5 21. Rxc8+ Bxc8 22. Rc1 Bb7 23. Rc5 Re8 1/2-1/2

[Event "28. Klatovy B 2022"]
[Site "Klatovy"]
[Date "2022.07.04"]
[Round "3.20"]
[White "Barth, Vit"]
[Black "Dolezal, Rudolf"]
[Result "1-0"]
[WhiteElo "1310"]
[BlackElo "1625"]
[PlyCount "113"]
[EventDate "2022.07.02"]
[EventType "swiss"]
[EventRounds "9"]
[EventCountry "CZE"]

1. d4 Nf6 2. Bf4 d6 3. Nf3 Bg4 4. Nbd2 g6 5. e4 Nc6 6. Bb5 a6 7. Bxc6+ bxc6 8. e5 dxe5 9. Bxe5 Bg7 10. h3 Be6 11. Qe2 O-O 12. Ng5 Bc8 13. O-O-O Qd5 14. Qc4 h6 15. Ngf3 Be6 16. Qxd5 Nxd5 17. c4 Nb4 18. Kb1 Nd3 19. Rhf1 Nxe5 20. Nxe5 c5 21. Nc6 cxd4 22. Nxe7+ Kh7 23. Nd5 Ra7 24. g4 c6 25. Nf4 Rb7 26. Nxe6 fxe6 27. f4 a5 28. Nb3 Rfb8 29. Rf2 Rb6 30. Nxa5 d3 31. Nb3 Rb4 32. c5 Rd8 33. Rfd2 Rxf4 34. Rxd3 Rxd3 35. Rxd3 Rf1+ 36. Nc1 Be5 37. a4 Bf4 38. Rc3 Bd2 39. Rc2 Ba5 40. Ka2 Rf4 41. b3 Rf3 42. h4 e5 43. Rc4 Rf4 44. Rxf4 exf4 45. Nd3 f3 46. Ka3 Bd2 47. b4 Bf4 48. b5 cxb5 49. axb5 Be3 50. Kb4 Kg7 51. b6 f2 52. Nxf2 Bxf2 53. b7 Bg3 54. Kb5 Kf7 55. c6 Ke7 56. Kb6 Kd8 57. Ka7 1-0

[Event "28. Klatovy B 2022"]
[Site "Klatovy"]
[Date "2022.07.04"]
[Round "3.21"]
[White "Skalny, Petr"]
[Black "Skopkova, Marcela"]
[Result "1-0"]
[WhiteElo "1609"]
[BlackElo "1315"]
[PlyCount "47"]
[EventDate "2022.07.02"]
[EventType "swiss"]
[EventRounds "9"]
[EventCountry "CZE"]

1. e4 e5 2. Nf3 d6 3. d4 exd4 4. Bc4 h6 5. c3 dxc3 6. Nxc3 Be6 7. Qa4+ c6 8. Bxe6 fxe6 9. Qb3 Qc8 10. Bf4 Nf6 11. e5 Nd5 12. Nxd5 exd5 13. O-O g5 14. Bg3 Bg7 15. Rfe1 O-O 16. e6 Re8 17. Re2 b6 18. Rae1 Na6 19. Qc2 Nc5 20. Qg6 Ne4 21. Nd4 Nxg3 22. hxg3 Kh8 23. Nf5 Qc7 24. e7 1-0

[Event "28. Klatovy B 2022"]
[Site "Klatovy"]
[Date "2022.07.04"]
[Round "3.22"]
[White "Hampel, Rudolf"]
[Black "Pozar, Pavel"]
[Result "1-0"]
[WhiteElo "1598"]
[BlackElo "1304"]
[PlyCount "50"]
[EventDate "2022.07.02"]
[EventType "swiss"]
[EventRounds "9"]
[EventCountry "CZE"]

1. e4 e5 2. Nf3 Nc6 3. Bb5 Bc5 4. c3 a6 5. Ba4 b5 6. Bb3 d6 7. h3 f5 8. d3 f4 9. O-O Qf6 10. a4 Qg6 11. Kh2 Nf6 12. d4 Bb6 13. axb5 Ne7 14. dxe5 dxe5 15. Nxe5 Qxe4 16. Re1 Qf5 17. Nc6 Bb7 18. Rxe7+ Kf8 19. Rf7+ Ke8 20. Qe2+ Qe4 21. Re7+ Kf8 22. Rxe4 Nxe4 23. Qxe4 Bxc6 24. bxc6 g5 25. Qd5 Bxf2 1-0

[Event "28. Klatovy B 2022"]
[Site "Klatovy"]
[Date "2022.07.04"]
[Round "3.23"]
[White "Filip, Petr 1952"]
[Black "Kubat, Zbynek"]
[Result "0-1"]
[WhiteElo "1266"]
[BlackElo "1596"]
[PlyCount "66"]
[EventDate "2022.07.02"]
[EventType "swiss"]
[EventRounds "9"]
[EventCountry "CZE"]

1. e4 e5 2. f4 d6 3. Nf3 Nc6 4. c3 Nf6 5. Bc4 h6 6. Qb3 Qd7 7. O-O Na5 8. Bb5 c6 9. Qa4 cxb5 10. Qxa5 b6 11. Qa3 Qe6 12. f5 Qc4 13. b3 Qc5+ 14. d4 Qxa3 15. Bxa3 Nxe4 16. dxe5 d5 17. Bxf8 Rxf8 18. Nd4 Bd7 19. Rf4 a6 20. c4 bxc4 21. bxc4 g5 22. fxg6 fxg6 23. Rxf8+ Kxf8 24. cxd5 Rc8 25. Na3 Rc5 26. e6 Bb5 27. Re1 Nd6 28. Re5 Nc4 29. Nxc4 Bxc4 30. e7+ Ke8 31. Re6 Rxd5 32. Nc6 Rd1+ 33. Kf2 Bxe6 0-1

[Event "28. Klatovy B 2022"]
[Site "Klatovy"]
[Date "2022.07.04"]
[Round "3.25"]
[White "Studzinski, Boleslav"]
[Black "Kusova, Nikola"]
[Result "1-0"]
[WhiteElo "1583"]
[BlackElo "1250"]
[PlyCount "65"]
[EventDate "2022.07.02"]
[EventType "swiss"]
[EventRounds "9"]
[EventCountry "CZE"]

1. e4 e5 2. Nc3 Nf6 3. f4 Nc6 4. Nf3 exf4 5. e5 Ng4 6. d4 d5 7. Bxf4 Be7 8. Qd2 O-O 9. h3 Nh6 10. Bxh6 gxh6 11. Qxh6 Bf5 12. O-O-O Be4 13. h4 f6 14. Bd3 Bxd3 15. Rxd3 fxe5 16. dxe5 Rf5 17. Nxd5 Qc8 18. Nxe7+ Nxe7 19. Ng5 b6 20. Ne6 Kf7 21. Ng5+ Kg8 22. Qxh7+ Kf8 23. e6 Qxe6 24. Rhd1 Ke8 25. Qh5+ Kf8 26. Rd8+ Rxd8 27. Rxd8+ Kg7 28. Qh7+ Kf6 29. Rf8+ Ke5 30. Rxf5+ Kd6 31. Rf7 Nd5 32. Rd7+ Kc6 33. Rxd5 1-0

[Event "28. Klatovy B 2022"]
[Site "Klatovy"]
[Date "2022.07.04"]
[Round "3.26"]
[White "Vavrinkova, Jitka"]
[Black "Maly, Jiri 2011"]
[Result "1-0"]
[WhiteElo "1548"]
[BlackElo "1249"]
[PlyCount "131"]
[EventDate "2022.07.02"]
[EventType "swiss"]
[EventRounds "9"]
[EventCountry "CZE"]

1. e4 e5 2. Nf3 Nc6 3. Bb5 Bc5 4. O-O Nd4 5. Bc4 Nxf3+ 6. Qxf3 Nf6 7. Qg3 Qe7 8. d3 d5 9. exd5 Bf5 10. Bb5+ Bd7 11. Bxd7+ Nxd7 12. Qxg7 Qf6 13. Qxf6 Nxf6 14. c4 Rg8 15. Nc3 O-O-O 16. Ne4 Nxe4 17. dxe4 Rg4 18. Re1 c6 19. Be3 Bd4 20. Bxd4 exd4 21. f3 Rg6 22. b4 b6 23. Rab1 Kc7 24. Red1 c5 25. bxc5 bxc5 26. Rb5 Kd6 27. Rdb1 Rdg8 28. g3 Rf6 29. f4 Rxf4 30. Re1 Rgg4 31. e5+ Kd7 32. Rxc5 Re4 33. Rxe4 Rxe4 34. d6 d3 35. Rd5 Rxc4 36. Rxd3 Rc5 37. Re3 Rc1+ 38. Kf2 Rc2+ 39. Re2 Rc5 40. Kf3 Ke6 41. Kf4 Rd5 42. h4 f6 43. exf6+ Kxf6 44. Re7 h6 45. Rh7 Rxd6 46. Rxh6+ Ke7 47. Rxd6 Kxd6 48. Kf5 Ke7 49. Kg6 Kf8 50. Kh7 a6 51. g4 Ke7 52. g5 a5 53. g6 Ke6 54. g7 Kd6 55. g8=Q Kc5 56. Qe6 Kb4 57. Qb3+ Kc5 58. Qa4 Kb6 59. Qc4 Ka7 60. Qc6 Kb8 61. Qd7 Ka8 62. Kg6 a4 63. h5 Kb8 64. h6 Ka8 65. h7 a3 66. h8=R# 1-0

[Event "28. Klatovy B 2022"]
[Site "Klatovy"]
[Date "2022.07.04"]
[Round "3.27"]
[White "Rezny, Frantisek"]
[Black "Berkovec, Jakub"]
[Result "1/2-1/2"]
[WhiteElo "1517"]
[BlackElo "1191"]
[PlyCount "113"]
[EventDate "2022.07.02"]
[EventType "swiss"]
[EventRounds "9"]
[EventCountry "CZE"]

1. e4 e5 2. f4 d5 3. exd5 exf4 4. Nf3 Nf6 5. Bb5+ Bd7 6. Bxd7+ Nbxd7 7. O-O Be7 8. c4 O-O 9. d4 Bd6 10. c5 Be7 11. Nc3 Nb8 12. Bxf4 Nxd5 13. Nxd5 Qxd5 14. Bxc7 Nc6 15. Qd2 Bf6 16. Rfd1 Rac8 17. Bg3 Rcd8 18. Bf2 Rfe8 19. Re1 h6 20. Rxe8+ Rxe8 21. b4 Rd8 22. Rd1 a6 23. a4 Qc4 24. Qb2 Qxb4 25. Qxb4 Nxb4 26. Rb1 a5 27. h3 Rd7 28. Rd1 Rd8 29. Be1 Nc6 30. d5 Nb4 31. d6 Nc6 32. Rb1 Rd7 33. Rb5 Bd8 34. Nd2 Na7 35. Rb3 Nc6 36. Nc4 Kf8 37. Nb6 Bxb6 38. Rxb6 f6 39. Bc3 Kf7 40. Rb5 Ke6 41. Bxa5 Kd5 42. Bb6 g5 43. Bc7 Nd8 44. Bxd8 Rxd8 45. a5 Rd7 46. g4 Kc6 47. Rb1 Kxc5 48. Rb6 Rxd6 49. Rxb7 Ra6 50. Rh7 Rxa5 51. Rxh6 Ra6 52. h4 gxh4 53. Rxh4 Ra4 54. Kf2 f5 55. Kg3 Rxg4+ 56. Rxg4 fxg4 57. Kxg4 1/2-1/2

[Event "28. Klatovy B 2022"]
[Site "Klatovy"]
[Date "2022.07.04"]
[Round "3.28"]
[White "Skalicky, Jindrich"]
[Black "Vavrousek, Petr"]
[Result "0-1"]
[WhiteElo "1152"]
[BlackElo "1517"]
[PlyCount "108"]
[EventDate "2022.07.02"]
[EventType "swiss"]
[EventRounds "9"]
[EventCountry "CZE"]

1. d4 d5 2. c4 c6 3. Nc3 Nf6 4. Nf3 dxc4 5. a4 Bf5 6. Ne5 e6 7. Nxc4 Nbd7 8. e3 Bb4 9. Bd2 Nb6 10. Ne5 Nbd7 11. Nf3 O-O 12. Be2 Qc7 13. O-O Bd6 14. Qb3 Ne4 15. Nxe4 Bxe4 16. g3 Nf6 17. Ne1 Bd5 18. Qd1 Ne4 19. Nf3 e5 20. dxe5 Bxe5 21. Nxe5 Qxe5 22. Bb4 Ng5 23. h4 Qe4 24. f3 Qxb4 25. hxg5 Qxb2 26. Rb1 Qe5 27. Rxb7 Qxe3+ 28. Rf2 Qxg5 29. Qb1 Qxg3+ 30. Rg2 Qd6 31. Rh2 Qg6+ 32. Qxg6 fxg6 33. Ba6 Rxf3 34. Rhb2 Rf7 35. Rb8+ Rxb8 36. Rxb8+ Rf8 37. Rb7 Ra8 38. a5 h5 39. Kf2 Rf8+ 40. Ke3 Rf7 41. Rb8+ Kh7 42. Bb7 h4 43. a6 Rf3+ 44. Kd4 h3 45. Ra8 h2 46. Rxa7 h1=Q 47. Bxc6 Qg1+ 48. Ke5 Qxa7 49. Bxd5 Rf5+ 50. Ke4 Qe7+ 51. Kd4 Qe5+ 52. Kd3 Qxd5+ 53. Kc3 Rf3+ 54. Kb4 Rf4+ 0-1

[Event "28. Klatovy B 2022"]
[Site "Klatovy"]
[Date "2022.07.04"]
[Round "3.29"]
[White "Rychtecky, Pavel"]
[Black "Kroulik, Stepan"]
[Result "1-0"]
[WhiteElo "1482"]
[BlackElo "1134"]
[PlyCount "44"]
[EventDate "2022.07.02"]
[EventType "swiss"]
[EventRounds "9"]
[EventCountry "CZE"]

1. e4 c5 2. Nf3 Nc6 3. d4 cxd4 4. Nxd4 g6 5. Be3 Bg7 6. Bc4 Nf6 7. Nc3 Ng4 8. Nxc6 Nxe3 9. Nxd8 Nxd1 10. Rxd1 Kxd8 11. Bxf7 e6 12. Bxe6 Re8 13. Bd5 a6 14. O-O Kc7 15. Rd3 Rb8 16. Rf3 b5 17. Rd1 b4 18. Na4 d6 19. Bb3 Rd8 20. c3 Bd7 21. Rxd6 Bxa4 22. Rxd8 Rxd8 1-0

[Event "28. Klatovy B 2022"]
[Site "Klatovy"]
[Date "2022.07.04"]
[Round "3.30"]
[White "Sobr, Vaclav"]
[Black "Nova, Anezka"]
[Result "1-0"]
[WhiteElo "1474"]
[BlackElo "1060"]
[PlyCount "105"]
[EventDate "2022.07.02"]
[EventType "swiss"]
[EventRounds "9"]
[EventCountry "CZE"]

1. e4 e5 2. d4 exd4 3. Bc4 Nc6 4. Nf3 Bc5 5. O-O Nf6 6. e5 Ng4 7. Bxf7+ Kxf7 8. Ng5+ Kf8 9. Qxg4 Nxe5 10. Qf4+ Qf6 11. Ne4 Qxf4 12. Bxf4 Bd6 13. Nxd6 cxd6 14. Na3 a6 15. Rad1 d3 16. Bxe5 dxe5 17. Rxd3 Kf7 18. Nc4 Kf6 19. Re1 Re8 20. Rf3+ Kg6 21. Nxe5+ Kh5 22. Rf5+ Kh6 23. g4 g6 24. Rf4 Kg5 25. Rfe4 Rf8 26. Kg2 b5 27. Nf3+ Kh6 28. g5+ Kg7 29. Re7+ Kg8 30. Kg3 Rd8 31. Ne5 d6 32. Nc6 Rf8 33. Rc7 Bf5 34. Ree7 Rfc8 35. Rxh7 Rxc7 36. Rxc7 Bxc2 37. Ne7+ Kf8 38. Rc8+ Rxc8 39. Nxc8 d5 40. Kf4 Be4 41. Ke5 Kf7 42. Nd6+ Ke7 43. Nxe4 dxe4 44. Kxe4 Ke6 45. f4 a5 46. b3 b4 47. h3 Kf7 48. f5 gxf5+ 49. Kxf5 Kg7 50. g6 Kg8 51. Kf6 Kf8 52. g7+ Kg8 53. h4 1-0

[Event "28. Klatovy B 2022"]
[Site "Klatovy"]
[Date "2022.07.04"]
[Round "3.31"]
[White "Novy, Jan"]
[Black "Lickova, Anna"]
[Result "0-1"]
[WhiteElo "1464"]
[BlackElo "1016"]
[PlyCount "122"]
[EventDate "2022.07.02"]
[EventType "swiss"]
[EventRounds "9"]
[EventCountry "CZE"]

1. e4 e5 2. Nf3 Nc6 3. d4 exd4 4. Bc4 Nf6 5. e5 d5 6. Bb3 Ne4 7. O-O Bf5 8. c3 d3 9. Nd4 Nxd4 10. cxd4 Be7 11. f4 h6 12. Qxd3 O-O 13. g4 Bxg4 14. Nc3 Nxc3 15. bxc3 f5 16. exf6 Rxf6 17. f5 Qd7 18. Bc2 Raf8 19. Qg3 Bxf5 20. Bxf5 Rxf5 21. Bxh6 Rxf1+ 22. Rxf1 Rxf1+ 23. Kxf1 Qf5+ 24. Ke1 Qe6+ 25. Be3 Bd6 26. Qf2 Qf6 27. Qg2 Qh4+ 28. Bf2 Qe4+ 29. Qxe4 dxe4 30. h3 Kf7 31. Ke2 Kf6 32. Ke3 Kf5 33. Bh4 Bf4+ 34. Ke2 Bg5 35. Bg3 Bf4 36. Bf2 Kg5 37. c4 c6 38. a4 b6 39. Be1 Kf6 40. Bc3 Ke6 41. Bb4 a6 42. Bc3 Bd6 43. Ke3 Kf5 44. a5 b5 45. c5 Bf4+ 46. Ke2 Ke6 47. Be1 Kd5 48. Bc3 Kc4 49. Bb2 b4 50. Kd1 Kb5 51. Ke2 Kxa5 52. Kd1 Kb5 53. Ke2 a5 54. Ba1 a4 55. Bb2 Kc4 56. Kd1 Kd3 57. d5 cxd5 58. c6 a3 59. Bc1 Bc7 60. Bd2 a2 61. Kc1 a1=Q# 0-1

[Event "28. Klatovy B 2022"]
[Site "Klatovy"]
[Date "2022.07.04"]
[Round "3.32"]
[White "Vavrinek, Tomas"]
[Black "Fadrny, Jachym"]
[Result "1-0"]
[WhiteElo "1677"]
[BlackElo "1198"]
[PlyCount "67"]
[EventDate "2022.07.02"]
[EventType "swiss"]
[EventRounds "9"]
[EventCountry "CZE"]

1. b4 c6 2. Bb2 Qb6 3. c3 a5 4. Qb3 d5 5. e3 Bf5 6. Nf3 e6 7. b5 a4 8. Qd1 cxb5 9. Nd4 Ra5 10. Nxf5 exf5 11. Bd3 g6 12. c4 Nf6 13. cxb5 a3 14. Bd4 Bc5 15. Bxc5 Qxc5 16. Nc3 Nbd7 17. Rc1 Ne5 18. Be2 Qd6 19. Qb3 O-O 20. d4 Ned7 21. O-O Rc8 22. Nxd5 Rxc1 23. Nxf6+ Nxf6 24. Rxc1 Qd7 25. b6 Ne8 26. Qb4 Ra8 27. Bb5 Qe6 28. Bc4 Qd7 29. Rc3 Nd6 30. Bb3 Rc8 31. Rxc8+ Qxc8 32. Qxa3 Nb5 33. Qc5 Qe8 34. Ba4 1-0

[Event "28. Klatovy B 2022"]
[Site "Klatovy"]
[Date "2022.07.04"]
[Round "3.34"]
[White "Studzinski, David 2002"]
[Black "Jedlicka, Pavel"]
[Result "1/2-1/2"]
[WhiteElo "1284"]
[BlackElo "1406"]
[PlyCount "113"]
[EventDate "2022.07.02"]
[EventType "swiss"]
[EventRounds "9"]
[EventCountry "CZE"]

1. e4 c6 2. d4 d6 3. Nf3 Nf6 4. Nc3 Bg4 5. h3 Bh5 6. Be2 Bxf3 7. Bxf3 Nbd7 8. Bf4 e5 9. Be3 Qb6 10. Rb1 Qc7 11. d5 Be7 12. O-O Nb6 13. b3 cxd5 14. Nxd5 Nbxd5 15. exd5 e4 16. Be2 Qa5 17. Bc4 a6 18. a4 O-O 19. Re1 Nd7 20. Bd4 f5 21. f4 Bf6 22. Be2 Nb6 23. c4 Bxd4+ 24. Qxd4 Nd7 25. Qe3 Qc5 26. Qxc5 Nxc5 27. Rf1 Rfb8 28. g4 g6 29. gxf5 gxf5 30. Kf2 Kf7 31. Rg1 Rg8 32. Bh5+ Kf6 33. Be2 Rxg1 34. Kxg1 Rg8+ 35. Kf2 h5 36. b4 Nxa4 37. Bxh5 Rh8 38. Bd1 Nc3 39. Rc1 Rxh3 40. Kg2 Rd3 41. Bh5 Rd2+ 42. Kh3 Ne2 43. Bxe2 Rxe2 44. c5 Re3+ 45. Kh4 dxc5 46. bxc5 Rf3 47. c6 Rxf4+ 48. Kg3 Rf3+ 49. Kg2 bxc6 50. dxc6 f4 51. c7 Rg3+ 52. Kh2 Rg8 53. c8=Q Rxc8 54. Rxc8 Ke5 55. Kg2 Kd4 56. Kf2 a5 57. Rd8+ 1/2-1/2

[Event "28. Klatovy B 2022"]
[Site "Klatovy"]
[Date "2022.07.05"]
[Round "4.1"]
[White "Koper, Stefan"]
[Black "Masek, Jan"]
[Result "1-0"]
[WhiteElo "1829"]
[BlackElo "1865"]
[PlyCount "87"]
[EventDate "2022.07.02"]
[EventType "swiss"]
[EventRounds "9"]
[EventCountry "CZE"]

1. d4 Nf6 2. c4 g6 3. Nc3 Bg7 4. e4 d6 5. Be2 O-O 6. Nf3 c5 7. d5 Na6 8. h3 Nc7 9. O-O Bd7 10. Bf4 Nfe8 11. Qd2 Rb8 12. a4 b6 13. Bh6 f6 14. Bxg7 Nxg7 15. Nh4 a6 16. f4 Qe8 17. e5 dxe5 18. fxe5 g5 19. Nf3 Rd8 20. a5 b5 21. b3 b4 22. Ne4 Bc8 23. Nxc5 Nce6 24. Nxe6 Nxe6 25. Rae1 Nf4 26. Qxb4 Bxh3 27. gxh3 Qh5 28. Nd4 Qxh3 29. Rxf4 gxf4 30. Bf1 Qg4+ 31. Bg2 fxe5 32. Nf3 Rd6 33. Qd2 Qg7 34. Rxe5 Rg6 35. Re2 Rg3 36. Kf1 Qg4 37. d6 Rxf3+ 38. Bxf3 Qxf3+ 39. Rf2 Qh1+ 40. Ke2 Qe4+ 41. Kf1 exd6 42. Rg2+ Kh8 43. Qxd6 f3 44. Qxf8# 1-0

[Event "28. Klatovy B 2022"]
[Site "Klatovy"]
[Date "2022.07.05"]
[Round "4.2"]
[White "Danek, Vaclav"]
[Black "Benes, Jachym"]
[Result "0-1"]
[WhiteElo "1862"]
[BlackElo "1776"]
[PlyCount "88"]
[EventDate "2022.07.02"]
[EventType "swiss"]
[EventRounds "9"]
[EventCountry "CZE"]

1. e4 e6 2. d3 d5 3. Nd2 c5 4. Ngf3 Nf6 5. g3 Nc6 6. Bg2 Be7 7. O-O O-O 8. e5 Nd7 9. Re1 Qc7 10. Qe2 b5 11. Nf1 Bb7 12. h4 d4 13. Bf4 Nb6 14. N1h2 Nd5 15. Bg5 h6 16. Bc1 Rfd8 17. Ng4 Bf8 18. h5 Nce7 19. Nh4 c4 20. Be4 Nb4 21. dxc4 bxc4 22. Rd1 Bxe4 23. Qxe4 Qc6 24. Qxc6 Nexc6 25. Rd2 d3 26. cxd3 cxd3 27. a3 Nc2 28. Rb1 Na5 29. Nf3 Rab8 30. Rd1 Bxa3 31. Bd2 Bb4 32. Ne3 Bxd2 33. Nxd2 Nxe3 34. fxe3 Rd5 35. Nf3 Rb3 36. Nd2 Rb4 37. b3 Rxe5 38. Nc4 Nxc4 39. bxc4 Rxb1 40. Rxb1 Rxe3 41. Kf2 Re2+ 42. Kf3 Rc2 43. Ke3 Rxc4 44. Kxd3 Rc7 0-1

[Event "28. Klatovy B 2022"]
[Site "Klatovy"]
[Date "2022.07.05"]
[Round "4.3"]
[White "Zednik, Zdenek"]
[Black "Sindelar, Jan 2000"]
[Result "1-0"]
[WhiteElo "1845"]
[BlackElo "1466"]
[PlyCount "93"]
[EventDate "2022.07.02"]
[EventType "swiss"]
[EventRounds "9"]
[EventCountry "CZE"]

1. c4 f5 2. d4 Nf6 3. Nf3 g6 4. Nc3 Bg7 5. g3 O-O 6. Bg2 d6 7. O-O c6 8. Re1 Na6 9. b3 Qe8 10. e4 fxe4 11. Nxe4 Nxe4 12. Rxe4 Bf5 13. Re3 Nb4 14. Ne1 Qd7 15. a3 Na6 16. Ra2 Rf7 17. f4 Raf8 18. Nf3 Bg4 19. h3 Bxf3 20. Bxf3 e5 21. Bg4 Qe7 22. Bb2 h5 23. Bf3 h4 24. dxe5 hxg3 25. Qxd6 Qxd6 26. exd6 Bxb2 27. Rxb2 Rxf4 28. Rd2 Rd8 29. Kg2 Nc5 30. b4 Nd7 31. c5 Rdf8 32. Kxg3 g5 33. Bg4 Nf6 34. Rde2 Nxg4 35. hxg4 Rf1 36. Rd3 Rg1+ 37. Rg2 Re1 38. Rf3 Rfe8 39. Rd2 Rg1+ 40. Kh3 Rh1+ 41. Kg2 Ree1 42. Rff2 Reg1+ 43. Kf3 Rh3+ 44. Ke4 Rxg4+ 45. Kf5 Rhh4 46. d7 Rd4 47. d8=Q+ 1-0

[Event "28. Klatovy B 2022"]
[Site "Klatovy"]
[Date "2022.07.05"]
[Round "4.4"]
[White "Chmelik, Ladislav"]
[Black "Rezac, Jindrich"]
[Result "1/2-1/2"]
[WhiteElo "1730"]
[BlackElo "1833"]
[PlyCount "49"]
[EventDate "2022.07.02"]
[EventType "swiss"]
[EventRounds "9"]
[EventCountry "CZE"]

1. d4 Nf6 2. c4 g6 3. Bg5 Bg7 4. Nf3 c6 5. Nc3 d5 6. cxd5 cxd5 7. e3 Nc6 8. Bd3 O-O 9. h3 Qa5 10. O-O e6 11. Rc1 Bd7 12. a3 Rac8 13. Bf4 a6 14. g4 b5 15. Bd6 Rfd8 16. g5 Nh5 17. b4 Qb6 18. Bc5 Qb8 19. Nh2 e5 20. Ng4 exd4 21. exd4 Qf4 22. Nxd5 Qxg5 23. Nb6 f5 24. h4 Qxh4 25. Qb3+ 1/2-1/2

[Event "28. Klatovy B 2022"]
[Site "Klatovy"]
[Date "2022.07.05"]
[Round "4.5"]
[White "Stanke, Petr"]
[Black "Lener, Jaroslav 1975"]
[Result "1/2-1/2"]
[WhiteElo "1522"]
[BlackElo "1796"]
[PlyCount "43"]
[EventDate "2022.07.02"]
[EventType "swiss"]
[EventRounds "9"]
[EventCountry "CZE"]

1. d4 Nf6 2. c4 d6 3. Nc3 Bf5 4. Qb3 Qc8 5. Bf4 Nbd7 6. Nf3 c6 7. e3 Nh5 8. Bg3 a6 9. Be2 Nhf6 10. Nh4 Be6 11. d5 cxd5 12. cxd5 Nc5 13. Qd1 Bd7 14. O-O g6 15. Rc1 Qd8 16. b4 Nce4 17. Nxe4 Nxe4 18. Nf3 Nxg3 19. hxg3 Bg7 20. Qb3 O-O 21. a4 Rc8 22. Nd2 1/2-1/2

[Event "28. Klatovy B 2022"]
[Site "Klatovy"]
[Date "2022.07.05"]
[Round "4.6"]
[White "Andrle, Filip"]
[Black "Rudlof, Jan"]
[Result "1/2-1/2"]
[WhiteElo "1495"]
[BlackElo "1767"]
[PlyCount "47"]
[EventDate "2022.07.02"]
[EventType "swiss"]
[EventRounds "9"]
[EventCountry "CZE"]

1. e4 c5 2. Nf3 Nc6 3. d4 cxd4 4. Nxd4 e5 5. Nb5 a6 6. Nd6+ Bxd6 7. Qxd6 Qe7 8. Qxe7+ Ngxe7 9. Nc3 d5 10. Bd2 d4 11. Na4 Rb8 12. Nc5 a5 13. Bb5 b6 14. Nd3 O-O 15. O-O Na7 16. a4 Nxb5 17. axb5 f6 18. b4 Bd7 19. bxa5 bxa5 20. b6 Rxb6 21. Bxa5 Rbb8 22. Bb4 Rf7 23. Ra7 Nc6 24. Ra4 1/2-1/2

[Event "28. Klatovy B 2022"]
[Site "Klatovy"]
[Date "2022.07.05"]
[Round "4.7"]
[White "Jirasek, Jiri"]
[Black "Cyron, Karel"]
[Result "1-0"]
[WhiteElo "1878"]
[BlackElo "1708"]
[PlyCount "57"]
[EventDate "2022.07.02"]
[EventType "swiss"]
[EventRounds "9"]
[EventCountry "CZE"]

1. d4 Nf6 2. c4 c5 3. d5 b5 4. cxb5 a6 5. Nc3 axb5 6. Nxb5 d6 7. Nc3 Nbd7 8. e4 g6 9. Nf3 Bg7 10. Be2 O-O 11. O-O Ba6 12. Re1 Qb6 13. Qc2 Rfb8 14. h3 Bxe2 15. Rxe2 Qa6 16. Rb1 Ne8 17. Bd2 Bxc3 18. Bxc3 Qxa2 19. Rbe1 f6 20. h4 Ng7 21. Nh2 c4 22. Ng4 Kf8 23. f4 Nh5 24. Qd2 Kf7 25. e5 dxe5 26. fxe5 fxe5 27. Nxe5+ Nxe5 28. Rxe5 Re8 29. Rxh5 1-0

[Event "28. Klatovy B 2022"]
[Site "Klatovy"]
[Date "2022.07.05"]
[Round "4.8"]
[White "Vachal, Josef1"]
[Black "Vavrinkova, Jitka"]
[Result "1-0"]
[WhiteElo "1765"]
[BlackElo "1548"]
[PlyCount "55"]
[EventDate "2022.07.02"]
[EventType "swiss"]
[EventRounds "9"]
[EventCountry "CZE"]

1. e4 e6 2. d4 d5 3. Nd2 Nf6 4. e5 Nfd7 5. Bd3 c5 6. c3 Nc6 7. Ne2 Be7 8. f4 cxd4 9. cxd4 O-O 10. O-O Re8 11. Nf3 Nf8 12. Qe1 Bd7 13. Bd2 Qb6 14. Qg3 f5 15. h4 h6 16. h5 Nb4 17. Bxb4 Qxb4 18. Qh3 Bb5 19. Nh2 Bxd3 20. Qxd3 Nh7 21. Rac1 Rac8 22. g4 Rxc1 23. Rxc1 Qxb2 24. Rb1 Qxa2 25. Rxb7 Qa1+ 26. Kg2 Bd8 27. gxf5 exf5 28. Qb5 1-0

[Event "28. Klatovy B 2022"]
[Site "Klatovy"]
[Date "2022.07.05"]
[Round "4.9"]
[White "Vana, Jan 2010"]
[Black "Josko, Jiri"]
[Result "1-0"]
[WhiteElo "1708"]
[BlackElo "1584"]
[PlyCount "51"]
[EventDate "2022.07.02"]
[EventType "swiss"]
[EventRounds "9"]
[EventCountry "CZE"]

1. d4 Nf6 2. c4 e5 3. dxe5 Ng4 4. e3 Nxe5 5. Nh3 Bb4+ 6. Bd2 Bxd2+ 7. Qxd2 O-O 8. Nf4 c6 9. Nc3 f5 10. Be2 Qf6 11. O-O-O a5 12. Rhg1 a4 13. a3 Ra5 14. Ncd5 Qd8 15. Ne7+ Qxe7 16. Qxa5 g5 17. Nh3 Na6 18. Nxg5 b6 19. Qc3 Nc5 20. f4 Ng6 21. Bh5 d6 22. h4 Ba6 23. g4 b5 24. gxf5 Rxf5 25. Nxh7 Rxh5 26. Nf6+ 1-0

[Event "28. Klatovy B 2022"]
[Site "Klatovy"]
[Date "2022.07.05"]
[Round "4.10"]
[White "Studzinski, Boleslav"]
[Black "Durchan, Milan 1961"]
[Result "0-1"]
[WhiteElo "1583"]
[BlackElo "1687"]
[PlyCount "142"]
[EventDate "2022.07.02"]
[EventType "swiss"]
[EventRounds "9"]
[EventCountry "CZE"]

1. e4 d6 2. d4 Nf6 3. Nc3 g6 4. Bc4 Bg7 5. f3 c6 6. Be3 d5 7. exd5 cxd5 8. Bb3 Nc6 9. Qd2 Na5 10. Bh6 Nxb3 11. axb3 O-O 12. Bxg7 Kxg7 13. Nge2 a6 14. Nf4 Qd6 15. O-O Bd7 16. Rfe1 Rac8 17. Nd3 Bc6 18. Qf4 Qxf4 19. Nxf4 e6 20. Nd3 Nd7 21. b4 Rc7 22. Nc5 Nxc5 23. bxc5 Re8 24. Nd1 f6 25. Nf2 e5 26. b4 Rce7 27. c3 Bb5 28. h4 Bc4 29. Ng4 h5 30. Nh2 exd4 31. Rxe7+ Rxe7 32. cxd4 Re3 33. g4 hxg4 34. Kf2 Re2+ 35. Kg3 gxf3 36. Nxf3 Rb2 37. Re1 Kf7 38. Rh1 Rxb4 39. h5 gxh5 40. Rxh5 Kg6 41. Rh8 Rb3 42. Kf4 Bb5 43. Nh4+ Kg7 44. Rb8 Bc6 45. Nf5+ Kf7 46. Rh8 Rb1 47. Nd6+ Kg7 48. Rb8 Rf1+ 49. Ke3 Kg6 50. Rg8+ Kh5 51. Rh8+ Kg6 52. Rg8+ Kh7 53. Rc8 Rb1 54. Rc7+ Kg6 55. Kd2 a5 56. Nf7 Kf5 57. Nd8 Ke4 58. Nxc6 bxc6 59. Rxc6 Kxd4 60. Rc8 Rb2+ 61. Kc1 Rb5 62. c6 Rc5+ 63. Kb2 f5 64. c7 Kc4 65. Kc2 a4 66. Kb2 d4 67. Ka3 d3 68. Kxa4 d2 69. Rd8 Rxc7 70. Ka3 Kc3 71. Ka2 Kc2 0-1